Statistiques concernant Film dont le titre commence par un T - (2)

Cliquez ici pour prendre le quiz!

Statistiques générales

  • Ce quiz a été pris 5 fois
  • Le résultat moyen est 6 sur 30

Statistiques - réponses

AnnéeRéalisateurGenre1 acteur ou
1 actrice
Titre% Correct
1990Etienne ChatilliezComédieIsabelle NantyTatie Danielle
75%
2002Francis VeberComédieJean RenoTais-toi
50%
2011Michel HazanaviciusComédie dramatiqueJean DujardinThe Artist
50%
1961Jean-Jacques VierneAventuresJean-Pierre TalbotTintin et le mystère de la toison d'or
50%
1964Philippe CondroyerAventuresJean BouiseTintin et les oranges bleues
50%
1951Marcel PagnolComédieFernandelTopaze
50%
1994Krzysztof KieslowskiComédie dramatiqueJulie DelpyTrois couleurs blanc
50%
1993Krzysztof KieslowskiComédie dramatiqueJuliette BinocheTrois couleurs bleu
50%
1994Krzysztof KieslowskiComédie dramatiqueIrène JacobTrois couleurs rouge
50%
2001Etienne ChatilliezComédieEric BergerTanguy
25%
2019Etienne ChatilliezComédieEric BergerTanguy le retour
25%
2008Saul DibbComédie dramatiqueKeira KnightleyThe Duchess
25%
1994Chuck RussellFantastiqueJim CarreyThe Mask
25%
1953Jacques BeckerPolicierJean GabinTouchez pas au grisbi
25%
1962Francis BlancheComédieFrancis BlancheTartarin de Tarascon
0%
1932WS Van DykeAventuresJohnny WeissmullerTarzan l'homme singe
0%
2016Noémie SaglioComédieJuliette BinocheTelle mère telle fille
0%
1962Otto PremingerDrameHenry FondaTempête à Washington
0%
1966Jean BeckerComédieJean-Paul BelmondoTendre voyou
0%
1946George SidneyMusicalJudy GarlandThe Harvey Girls
0%
1943Michael CurtizMusicalIrving BerlinThis is the army
0%
1970Richard FleischerGuerreJason RobardsTora Tora Tora
0%
1953Vincente MinnelliMusicalFred AstaireTous en scène
0%
1991Alain CorneauComédie dramatiqueJean-Pierre MarielleTous les matins du monde
0%
1955Douglas SirkComédie dramatiqueJane WymanTout ce que le ciel permet
0%
2018Franck DuboscComédieGérard DarmonTout le monde debout
0%
1993Jean-Jacques ZilbermannComédieJosiane BalaskoTout le monde n'a pas eu la chance d'avoir des parents communistes
0%
1985Roger HaninPolicierGérard KleinTrain d'enfer
0%
1957Maurice de CanongeComédieJean CarmetTrois de la marine
0%
1938Jean-Paul PaulinAventuresJean MercantonTrois de Saint-Cyr
0%

Distribution des résultats

Percentile par nombre de réponses

% des personnes avec chaque résultat

Votre développement - résultats

Vous n’avez pas pris ce quiz